| 000 -LEADER |
| fixed length control field |
02938cam a22003734a 4500 |
| 001 - CONTROL NUMBER |
| control field |
16775805 |
| 003 - CONTROL NUMBER IDENTIFIER |
| control field |
OSt |
| 005 - DATE AND TIME OF LATEST TRANSACTION |
| control field |
20210411112327.0 |
| 008 - FIXED-LENGTH DATA ELEMENTS--GENERAL INFORMATION |
| fixed length control field |
110512s2012 enkab b 001 0 eng |
| 010 ## - LIBRARY OF CONGRESS CONTROL NUMBER |
| LC control number |
2011020369 |
| 016 7# - NATIONAL BIBLIOGRAPHIC AGENCY CONTROL NUMBER |
| Record control number |
015734076 |
| Source |
Uk |
| 020 ## - INTERNATIONAL STANDARD BOOK NUMBER |
| International Standard Book Number |
9780273727910 (pbk.) |
| 020 ## - INTERNATIONAL STANDARD BOOK NUMBER |
| International Standard Book Number |
0273727915 (pbk.) |
| 035 ## - SYSTEM CONTROL NUMBER |
| System control number |
(OCoLC)ocn727658518 |
| 040 ## - CATALOGING SOURCE |
| Original cataloging agency |
DLC |
| Transcribing agency |
DLC |
| Modifying agency |
YDX |
| -- |
YDXCP |
| -- |
BWK |
| -- |
CDX |
| -- |
UKMGB |
| -- |
DLC |
| 042 ## - AUTHENTICATION CODE |
| Authentication code |
pcc |
| 050 00 - LIBRARY OF CONGRESS CALL NUMBER |
| Classification number |
HM586 |
| Item number |
.M34 2012 |
| 080 ## - UNIVERSAL DECIMAL CLASSIFICATION NUMBER |
| Item number |
M-13 |
| Universal Decimal Classification number |
316 |
| 082 00 - DEWEY DECIMAL CLASSIFICATION NUMBER |
| Classification number |
301 |
| Edition number |
23 |
| 100 1# - MAIN ENTRY--PERSONAL NAME |
| Personal name |
Macionis, John J. |
| 245 10 - TITLE STATEMENT |
| Title |
Sociology : |
| Remainder of title |
a global introduction / |
| Statement of responsibility, etc. |
John J. Macionis & Ken Plummer. |
| 250 ## - EDITION STATEMENT |
| Edition statement |
5th ed. |
| 260 ## - PUBLICATION, DISTRIBUTION, ETC. |
| Place of publication, distribution, etc. |
Harlow, England ; |
| -- |
New York : |
| Name of publisher, distributor, etc. |
Pearson/Prentice Hall, |
| Date of publication, distribution, etc. |
2012. |
| 300 ## - PHYSICAL DESCRIPTION |
| Extent |
xxi, 1040 p. : |
| Other physical details |
ill. (chiefly col.), col. maps ; |
| Dimensions |
27 cm. |
| 365 ## - TRADE PRICE |
| Price amount |
17.44 usd |
| 504 ## - BIBLIOGRAPHY, ETC. NOTE |
| Bibliography, etc. note |
Includes bibliographical references (p. [967]-998) and indexes. |
| 505 0# - FORMATTED CONTENTS NOTE |
| Formatted contents note |
Introducing sociology -- The sociological imagination -- Thinking sociologically, thinking globally -- Studying the social: an introduction to sociological method -- Interlude 1: researching sport -- The foundations of society : from macro to micro -- Societies -- Culture -- Groups, organisations, and the rise of the network society -- Micro-sociology : the social construction of everyday life -- Interlude 2: researching food -- The unequal world : difference, division, and social stratification -- Inequality, social divisions, and social stratification -- Global poverty/global inequality -- Class, poverty and welfare: the case of the UK -- Racism, ethnicities, and migration -- The gender order and sexualities -- Age stratification, children and later life -- Disabilities, care and the humanitarian society -- Interlude 3: researching music and inequalities -- Social structures, social practices, and social institutions -- Economies, work, and consumption -- Power, governance and social movements -- Control, crime, and deviance -- Families, personal life, and living together -- Religion and belief -- Education -- Health, medicine, and well-being -- Communication and the new media -- Science, cyberspace and the risk society -- Interlude 4: researching our generational biographies -- Social change and the twenty-first century -- Populations, cities, and the space of things to come -- Social change and the environment -- Living in the twenty-first century -- Resources for critical thinking : creating sociological imaginations -- Films -- Novels -- Art and sociology -- Time and space -- Websites -- YouTube -- Key social thinkers -- World statistics -- Big debates of our time -- Abbreviations and acronyms. |
| 650 #0 - SUBJECT ADDED ENTRY--TOPICAL TERM |
| Topical term or geographic name entry element |
Sociology. |
| 653 ## - INDEX TERM--UNCONTROLLED |
| Uncontrolled term |
სოციოლოგია |
| 700 1# - ADDED ENTRY--PERSONAL NAME |
| Personal name |
Plummer, Kenneth. |
| 906 ## - LOCAL DATA ELEMENT F, LDF (RLIN) |
| a |
7 |
| b |
cbc |
| c |
orignew |
| d |
1 |
| e |
ecip |
| f |
20 |
| g |
y-gencatlg |
| 942 ## - ADDED ENTRY ELEMENTS (KOHA) |
| Source of classification or shelving scheme |
|
| Koha item type |
Books |
| Edition |
5 |